📖150 premiers mots "Du côté de chez Swann" Marcel Proust - Statistiques

Statistiques générales
  • Ce quiz a Ă©tĂ© pris 14 fois
  • Le rĂ©sultat moyen est 82 sur 150
Statistiques - réponses
Mots % Correct
Charles Quint.
100%
j'
100%
je
100%
"Je
100%
m'
100%
me
100%
Ă 
92%
de
92%
François Ier
92%
l'
92%
n'
92%
en
83%
Et,
83%
et
83%
heure.
83%
heure
83%
le
83%
le ...
83%
ma
83%
pas
83%
qu'
83%
suis
83%
avais
75%
bonne
75%
il
75%
la
75%
les
75%
mes
75%
mon
75%
que
75%
se
75%
couché
67%
dans
67%
elle
67%
était
67%
mĂŞme
67%
sur
67%
un
67%
ce
58%
des
58%
Longtemps
58%
mais
58%
si
58%
temps
58%
une
58%
ces
50%
demi-
50%
étais
50%
ne
50%
yeux
50%
après,
42%
Cette
42%
comme
42%
dire :
42%
fermaient
42%
mains
42%
moi-
42%
avoir
33%
bougie
33%
endors."
33%
faire
33%
lumière ;
33%
réveil ;
33%
semblait
33%
vite
33%
croyais
25%
dont
25%
quelques
25%
souffler
25%
voulais
25%
avaient
17%
éteinte,
17%
Parfois,
17%
peine
17%
poser
17%
volume
17%
compte
8%
église,
8%
ouvrage :
8%
parlait
8%
pendant
8%
peu
8%
rivalité
8%
secondes
8%
sommeil
8%
tour
8%
cessé
0%
chercher
0%
choquait
0%
croyance
0%
dormant
0%
écailles
0%
empĂŞchait
0%
éveillait ;
0%
lire,
0%
particulier ;
0%
pensée
0%
pesait
0%
pris
0%
quatuor,
0%
raison,
0%
réflexions
0%
rendre
0%
survivait
0%
venais
0%
Aucun quiz correspondant
Distribution des résultats
% des personnes avec chaque résultat
Percentile par nombre de réponses
Votre historique - résultats
Vous n’avez pas pris ce quiz